000 00981cam a2200277 a 4500
001 000010527
003 UkOxU
005 20200929162238.0
008 860101s1982 mx a b 001 0 eng d
020 _a9684091869
040 _aDO-SdBNP
_bspa
_cLC
_dBNPHU
041 1 7 _aspa
_heng
_2Código de idioma MARC
082 _a813.54
_bG243t
100 1 _aGarson, Helen S.
_925536
240 0 _aTruman Capote,
_lEspañol
245 1 0 _aTruman Capote /
_cHelen S. Garson ; traducción Ignacio Ernesto Jaime Prieto.
260 _aMéxico, D. F. :
_bAsociados Mexicanos,
_c1982.
300 _a189 p. :
_bil. ;
_c20 cm.
534 _pTítulo original en inglés:
_tTruman capone
_cFrederick Ungar Publishing, 1980
600 1 0 _aCAPOTE, TRUMAN,
_d1924-1984
_xCRÍTICA E INTERPRETACIÓN
_925537
650 4 _aNovela estadounidense
_9262
650 4 _aLiteratura estadounidense
_9263
700 1 _aJaime Priego, Ignacio Ernesto,
_etr.
_925538
910 _aCatalogación derivada
049 _aBNGR
999 _c10285
_d10285